<?xml version="1.0" encoding="UTF-8"?>
<record
    xmlns:xsi="http://www.w3.org/2001/XMLSchema-instance"
    xsi:schemaLocation="http://www.loc.gov/MARC21/slim http://www.loc.gov/standards/marcxml/schema/MARC21slim.xsd"
    xmlns="http://www.loc.gov/MARC21/slim">

  <leader>01249nam a2200265Ia 4500</leader>
  <controlfield tag="003">OSt</controlfield>
  <controlfield tag="005">20211124082936.0</controlfield>
  <controlfield tag="008">210310s2011    ck     gr     000 0 spa d</controlfield>
  <datafield tag="020" ind1=" " ind2=" ">
    <subfield code="a">9789587164336</subfield>
  </datafield>
  <datafield tag="040" ind1=" " ind2=" ">
    <subfield code="a">CO-JMCR</subfield>
    <subfield code="c">CO-JMCR</subfield>
  </datafield>
  <datafield tag="041" ind1="0" ind2=" ">
    <subfield code="a">spa</subfield>
  </datafield>
  <datafield tag="082" ind1="0" ind2="4">
    <subfield code="a">332.6 /</subfield>
    <subfield code="b">R621v</subfield>
    <subfield code="2">23</subfield>
  </datafield>
  <datafield tag="100" ind1="1" ind2=" ">
    <subfield code="a">Rivera Ord&#xF3;&#xF1;ez, Juan Camilo</subfield>
    <subfield code="e">autor</subfield>
    <subfield code="9">29208</subfield>
  </datafield>
  <datafield tag="245" ind1="1" ind2="0">
    <subfield code="a">Valorizaci&#xF3;n de t&#xED;tulos de emisi&#xF3;n soberana / </subfield>
    <subfield code="c">Juan Camilo Rivera Ord&#xF3;&#xF1;ez, Edgar Cay&#xF3;n Fall&#xF3;n, Iv&#xE1;n Dar&#xED;o Sarmiento Sabogal, [y otros 2]</subfield>
  </datafield>
  <datafield tag="250" ind1=" " ind2=" ">
    <subfield code="a">Primera edici&#xF3;n</subfield>
  </datafield>
  <datafield tag="260" ind1=" " ind2=" ">
    <subfield code="a">Bogot&#xE1; : </subfield>
    <subfield code="b">Pontificia Universidad Javeriana, </subfield>
    <subfield code="c">2011.</subfield>
  </datafield>
  <datafield tag="300" ind1=" " ind2=" ">
    <subfield code="a">105 p&#xE1;ginas : </subfield>
    <subfield code="b">ilustraciones y gr&#xE1;ficas en blanco y negro ; </subfield>
    <subfield code="c">23 cm.</subfield>
  </datafield>
  <datafield tag="490" ind1="0" ind2=" ">
    <subfield code="a">Manuales ; </subfield>
    <subfield code="v">2</subfield>
  </datafield>
  <datafield tag="505" ind1="0" ind2=" ">
    <subfield code="a">Conceptos b&#xE1;sicos. -- Valoraci&#xF3;n avanzada de t&#xED;tulos de renta fija. -- Valoraci&#xF3;n avanzada de t&#xED;tulos de renta fija. -- Operaciones cortas, largas, maduraci&#xF3;n y engorde de t&#xED;tulos de emisi&#xF3;n soberana. -- Calculo de la rentabilidad real y puntos de equilibrio en inversiones</subfield>
  </datafield>
  <datafield tag="650" ind1="1" ind2="4">
    <subfield code="a">Rentabilidad real</subfield>
    <subfield code="9">41669</subfield>
  </datafield>
  <datafield tag="650" ind1="2" ind2="4">
    <subfield code="a">Puntos rentables </subfield>
    <subfield code="v">econom&#xED;a </subfield>
    <subfield code="9">41670</subfield>
  </datafield>
  <datafield tag="700" ind1="1" ind2=" ">
    <subfield code="a">Cay&#xF3;n Fall&#xF3;n, Edgar  </subfield>
    <subfield code="e">autor</subfield>
    <subfield code="9">41671</subfield>
  </datafield>
  <datafield tag="700" ind1="1" ind2=" ">
    <subfield code="a">Sarmiento Sabogal, Iv&#xE1;n Dar&#xED;o,</subfield>
    <subfield code="e">autor</subfield>
    <subfield code="9">41672</subfield>
  </datafield>
  <datafield tag="942" ind1=" " ind2=" ">
    <subfield code="2">ddc</subfield>
    <subfield code="c">BK</subfield>
  </datafield>
  <datafield tag="999" ind1=" " ind2=" ">
    <subfield code="c">12783</subfield>
    <subfield code="d">12783</subfield>
  </datafield>
  <datafield tag="952" ind1=" " ind2=" ">
    <subfield code="0">0</subfield>
    <subfield code="1">0</subfield>
    <subfield code="2">ddc</subfield>
    <subfield code="4">0</subfield>
    <subfield code="7">0</subfield>
    <subfield code="a">CPL</subfield>
    <subfield code="b">CPL</subfield>
    <subfield code="c">GEN</subfield>
    <subfield code="d">2018-04-15</subfield>
    <subfield code="e">Donaci&#xF3;n</subfield>
    <subfield code="o">332.6 / R621v</subfield>
    <subfield code="p">430003507</subfield>
    <subfield code="r">2024-05-16 00:00:00</subfield>
    <subfield code="t">Ej.1</subfield>
    <subfield code="w">2021-03-10</subfield>
    <subfield code="y">BK</subfield>
  </datafield>
</record>
